Associateship examinations (Record no. 105165)

MARC details
000 -LEADER
fixed length control field 00754cam a2200181 4500
001 - CONTROL NUMBER
control field ##L132520
008 - FIXED-LENGTH DATA ELEMENTS--GENERAL INFORMATION
fixed length control field 060214n 000 0 eng u
035 ## - SYSTEM CONTROL NUMBER
System control number (Sirsi) u132520
041 0# - LANGUAGE CODE
Language code of text/sound track or separate title eng
050 04 - LIBRARY OF CONGRESS CALL NUMBER
Classification number 333.0062 $2 18
110 2# - MAIN ENTRY--CORPORATE NAME
Corporate name or jurisdiction name as entry element Incorporated Society of Auctioneers and Landed Property Agents
9 (RLIN) 4878
245 00 - TITLE STATEMENT
Title Associateship examinations
Remainder of title spring 1927-1939
260 ## - PUBLICATION, DISTRIBUTION, ETC.
Place of publication, distribution, etc. [S.l.]
Name of publisher, distributor, etc. [s.n.]
Date of publication, distribution, etc. 1927-39
300 ## - PHYSICAL DESCRIPTION
Extent 1
Type of unit v
Other physical details 9 folded leaves of plates
Dimensions 21cm.
520 ## - SUMMARY, ETC.
Summary, etc. Exam questions covering various topics such as mensuration of land and buildings; book-keeping; valuations; landlord and tenant; fixtures and dilapidations; and auction law, for the years 1927-1939.
690 ## - LOCAL SUBJECT ADDED ENTRY--TOPICAL TERM (OCLC, RLIN)
Topical term or geographic name as entry element CAREERS, EDUCATION AND TRAINING-QUALIFICATION ROUTES
942 ## - ADDED ENTRY ELEMENTS (KOHA)
Suppress in OPAC 0
Holdings
Withdrawn status Lost status Source of classification or shelving scheme Damaged status Not for loan Home library Current library Shelving location Date acquired Total Checkouts Full call number Barcode Date last seen Copy number Price effective from Koha item type
    Dewey Decimal Classification     London London RICS Boxes 14/02/2006   ISVA/19 30071870 06/08/2019 1 06/08/2019 Reference material